000 00590nam a2200253Ia 4500
005 20260121153835.0
008 008 260114s9999 xx 000 0 eng d
020 _a9781351073950
037 _aEBOOK
040 _aCRL
040 _beng
040 _cCRL
041 _2eng
041 _aeng
084 _qCRL
100 _aM. B. Hooper
_9999783
245 0 _aLaser Plasma Interactions 5
260 _bTaylor and Francis
260 _c1996
856 _uhttp://www.taylorfrancis.com/books/9781351073950
942 _cEBOOK
999 _c1566604
_d1566604